| 000 | 00612 a2200181 4500 | ||
|---|---|---|---|
| 999 |
_c720 _d720 |
||
| 020 | _a1858281989 | ||
| 050 | 0 | 0 | _aTK5105.875 KEN 1995 |
| 100 | 1 | _aKennedy, Angus J. | |
| 245 | 1 | 4 |
_aThe Internet & World Wide Web : _bthe rough guide / _cby Angus J. Kennedy. |
| 264 |
_aLondon _bRough Guides _c1995 |
||
| 300 |
_a315 p. : _bill. ; |
||
| 500 | _aOn cover: for Mac, OS/2, & Windows 95. | ||
| 500 | _aIndex included. | ||
| 650 | 0 | _aInternet. | |
| 650 | 0 | _aWorld Wide Web. | |
| 942 |
_2lcc _cBK _h5105.875 _iKEN _kTK |
||